Ríša Inkov - sláva a predpoklady pohromy

Bibliographic Details
Main Author: Adamík, Štefan (Author)
Format: Article
Language:Slovak
ISSN:1335-6550
Subjects:

MARC

LEADER 00000nab a2200000 a 4500
001 vtls008302298
003 SK-MaSNL
005 20260304145125.0
008 250505c2005 xo ||||||h |00 b|slo
015 |a SNBRB2005/10  |2 snkbucl 
035 |a (uuid)f5063274-eacc-4721-b351-97cddd2f38d2 
035 |a urn:nbn:sk:snk-ab1m6r 
035 |a (urnnbn)urn:nbn:sk:snk:ar-004j0u 
038 |a SNKBUCL 
040 |a SNKBUCL  |b slo  |c SNKBUCL  |e AACR2 
041 0 |a slo 
044 |a xo  |c SK 
080 |a 94(=87)  |x "14/15"  |2 1997 
080 |a 94(8)  |x "14/15"  |2 1997 
100 1 |a Adamík, Štefan  |4 aut  |9 314533 
245 1 0 |a Ríša Inkov - sláva a predpoklady pohromy  |c [autor] (ša) 
648 7 |a 15.-16. stor.  |2 snkbucl  |9 295337 
650 0 7 |a Inkovia  |2 snkbucl  |9 30586 
651 7 |a Inkská ríša  |2 snkbucl  |9 21284 
651 7 |a Južná Amerika  |2 snkbucl  |9 29889 
773 0 |t Historická revue  |g Roč. XVI, č. 5-6 (2005), s. 19  |x 1335-6550 
850 |a Slovenská národná knižnica 
852 |a Slovenská národná knižnica 
954 |a odborná, vedecká literatúra pôvodná (slovenská)  |2 lita 
958 |a article27 
958 |a OND 
958 |a EUIPO 
999 |c 2934565  |d 2936495